[Event "SVK-chT2A 2223"]
[Site "Slovakia"]
[Date "2022.10.08"]
[Round "1.6"]
[White "Bugar, Peter"]
[Black "Kolenak, Matus"]
[Result "0-1"]
[WhiteElo "1980"]
[BlackElo "1996"]
[PlyCount "50"]
[EventDate "2022.10.08"]
[EventType "team-tourn"]
[EventRounds "11"]
[EventCountry "SVK"]
[SourceTitle "CBM 210 Extra"]
[Source "ChessBase"]
[SourceDate "2022.11.30"]
[SourceVersion "1"]
[SourceVersionDate "2022.11.30"]
[SourceQuality "1"]
[WhiteTeam "Dunajska Streda II"]
[BlackTeam "Trnava Lokomotiva"]
[WhiteTeamCountry "SVK"]
[BlackTeamCountry "SVK"]

1. c4 e5 2. g3 Nf6 3. Nc3 d5 4. cxd5 Nxd5 5. Bg2 Nxc3 6. bxc3 Bc5 7. e3 Qd3 8. Qa4+ c6 9. Be4 Qa6 10. Qc2 Be6 11. d4 Bd6 12. Nf3 Nd7 13. Rb1 0-0-0 14. Qb2 Nb6 15. dxe5 Bc7 16. Bd2 Na4 17. Qc2 Nc5 18. Bf5 Rd7 19. Bxe6 Nd3+ 20. Kd1 Nxf2+ 21. Ke1 Nd3+ 22. Kd1 fxe6 23. Rg1 Rf8 24. Nd4 Rf2 25. c4 Ba5 0-1

[Event "SVK-chT3A2 1617"]
[Site "Slovakia"]
[Date "2017.01.08"]
[Round "6.2"]
[White "Pagerka, Martin"]
[Black "Kolenak, Matus"]
[Result "1-0"]
[WhiteElo "2331"]
[BlackElo "1988"]
[PlyCount "45"]
[EventDate "2016.10.16"]
[EventType "team-tourn"]
[EventRounds "11"]
[EventCountry "SVK"]
[SourceTitle "EXT 2020"]
[Source "ChessBase"]
[SourceDate "2019.10.17"]
[SourceVersion "1"]
[SourceVersionDate "2019.10.17"]
[SourceQuality "1"]
[WhiteTeam "Senica SK"]
[BlackTeam "Trnava Lokomotiva III"]
[WhiteTeamCountry "SVK"]
[BlackTeamCountry "SVK"]

1. e4 c5 2. Nf3 Nc6 3. d4 cxd4 4. Nxd4 Nf6 5. Nc3 a6 6. Nxc6 bxc6 7. e5 Ng8 8. Bc4 d5 9. exd6 exd6 10. 0-0 d5 11. Nxd5 cxd5 12. Bxd5 Be6 13. Bc6+ Bd7 14. Re1+ Ne7 15. Bxa8 Qxa8 16. Bg5 Be6 17. c4 h6 18. Bh4 Qc8 19. Qa4+ Qc6 20. Qa5 g5 21. Rad1 f6 22. Bg3 Ng6 23. Qd5 1-0

[Event "SVK-chT1W 1617"]
[Site "Slovakia"]
[Date "2016.10.16"]
[Round "2.8"]
[White "Koloditsova, Renata"]
[Black "Kolenak, Matus"]
[Result "0-1"]
[WhiteElo "1943"]
[BlackElo "1988"]
[PlyCount "80"]
[EventDate "2016.10.15"]
[EventType "team-tourn"]
[EventRounds "11"]
[EventCountry "SVK"]
[SourceTitle "CBM 175 Extra"]
[Source "ChessBase"]
[SourceDate "2016.12.12"]
[SourceVersion "1"]
[SourceVersionDate "2016.12.12"]
[SourceQuality "1"]
[WhiteTeam "Gabcikovo Russel"]
[BlackTeam "Trnava Lokomotiva"]
[WhiteTeamCountry "SVK"]
[BlackTeamCountry "SVK"]

1. d4 d5 2. c4 c6 3. Nf3 Nf6 4. e3 e6 5. b3 Nbd7 6. Bd3 Bd6 7. Bb2 0-0 8. Nbd2 Re8 9. Ne5 Qc7 10. f4 b6 11. 0-0 Bb7 12. Rc1 c5 13. cxd5 exd5 14. Qf3 Nf8 15. g4 Qe7 16. g5 N6d7 17. Rce1 Rad8 18. h4 a6 19. Rf2 b5 20. Qg3 c4 21. Bc2 c3 22. Bxc3 Rc8 23. Nb1 Rxc3 24. Nxc3 Bb4 25. e4 Rc8 26. Re3 dxe4 27. Nxe4 Kh8 28. f5 Nxe5 29. dxe5 Bxe4 30. Rxe4 Bc5 31. f6 Qa7 32. Bd3 Rd8 33. Ree2 Qd7 34. Bf5 Qxf5 35. fxg7+ Kxg7 36. Kh2 Bxf2 37. Rxf2 Qe4 38. Rf4 Rd2+ 39. Kh3 Qh1+ 40. Kg4 Rg2 0-1

[Event "SVK-chT2A 1516"]
[Site "Slovakia"]
[Date "2016.03.13"]
[Round "11.7"]
[White "Kolenak, Matus"]
[Black "Vrtiakova, Anna"]
[Result "1-0"]
[WhiteElo "1995"]
[BlackElo "1970"]
[PlyCount "71"]
[EventDate "2015.10.17"]
[EventType "team-tourn"]
[EventRounds "11"]
[EventCountry "SVK"]
[SourceTitle "EXT 2017"]
[Source "ChessBase"]
[SourceDate "2016.10.25"]
[SourceVersion "1"]
[SourceVersionDate "2016.10.25"]
[SourceQuality "1"]
[WhiteTeam "Trnava Lokomotiva II"]
[BlackTeam "Bratislava KSN"]
[WhiteTeamCountry "SVK"]
[BlackTeamCountry "SVK"]

1. d4 d5 2. Nf3 Nf6 3. c4 e6 4. Nc3 Be7 5. Bg5 0-0 6. e3 Nbd7 7. Bd3 dxc4 8. Bxc4 a6 9. a4 b6 10. 0-0 Bb7 11. Qe2 h6 12. Bh4 Nd5 13. Bg3 N7f6 14. Rac1 Nxc3 15. bxc3 Ne4 16. Be5 Qd7 17. Qc2 Nd6 18. Bd3 f5 19. c4 Ne4 20. Rfd1 Bf6 21. d5 Bxe5 22. Nxe5 Qd6 23. Ng6 Rf6 24. Nf4 e5 25. Nh5 Rg6 26. Bxe4 fxe4 27. Qxe4 Rg5 28. Ng3 Rf8 29. Qc2 Qe7 30. c5 Rg4 31. h3 Rb4 32. d6 cxd6 33. cxd6 Qh4 34. d7 Qf6 35. Qd2 Rxa4 36. d8Q 1-0

[Event "SVK-chT3A2 1213"]
[Site "Slovakia"]
[Date "2012.11.04"]
[Round "3.3"]
[White "Slamena, Michal"]
[Black "Kolenak, Matus"]
[Result "0-1"]
[WhiteElo "1986"]
[BlackElo "1916"]
[PlyCount "58"]
[EventDate "2012.10.07"]
[EventType "team-tourn"]
[EventRounds "11"]
[EventCountry "SVK"]
[SourceTitle "EXT 2015"]
[Source "ChessBase"]
[SourceDate "2014.11.20"]
[SourceVersion "1"]
[SourceVersionDate "2014.11.20"]
[SourceQuality "1"]
[WhiteTeam "Hlohovec SK Zentiva"]
[BlackTeam "Trnava Lokomotiva Solartec IV"]
[WhiteTeamCountry "SVK"]
[BlackTeamCountry "SVK"]

1. e4 e5 2. Nf3 Nc6 3. Bb5 a6 4. Ba4 g6 5. 0-0 Bg7 6. c3 Nge7 7. d4 b5 8. Bb3 0-0 9. Bg5 h6 10. Bh4 d6 11. Bd5 g5 12. Bxg5 hxg5 13. Nxg5 Nxd5 14. exd5 Qxg5 15. dxc6 e4 16. f4 Qd5 17. g4 Qxc6 18. Nd2 e3 19. Nf3 Bxg4 20. d5 Qc4 21. Qc2 Qxf4 22. Qg2 Rae8 23. Rae1 Bh5 24. Kh1 Qg4 25. Qe2 Qe4 26. Rd1 Re5 27. Rd3 Rfe8 28. Rd4 Bxf3+ 29. Rxf3 Qxf3+ 0-1

[Event "SVK-chT3A2 1213"]
[Site "Slovakia"]
[Date "2012.10.21"]
[Round "2.4"]
[White "Krist, Milan"]
[Black "Kolenak, Matus"]
[Result "0-1"]
[WhiteElo "1985"]
[BlackElo "1916"]
[PlyCount "58"]
[EventDate "2012.10.07"]
[EventType "team-tourn"]
[EventRounds "11"]
[EventCountry "SVK"]
[SourceTitle "EXT 2015"]
[Source "ChessBase"]
[SourceDate "2014.11.20"]
[SourceVersion "1"]
[SourceVersionDate "2014.11.20"]
[SourceQuality "1"]
[WhiteTeam "Trnava Lokomotiva Solartec III"]
[BlackTeam "Trnava Lokomotiva Solartec IV"]
[WhiteTeamCountry "SVK"]
[BlackTeamCountry "SVK"]

1. c4 e5 2. Nc3 Nf6 3. e3 c6 4. g3 d5 5. cxd5 cxd5 6. d4 e4 7. Bg2 Bd6 8. Nge2 Nc6 9. 0-0 0-0 10. f3 exf3 11. Bxf3 Bh3 12. Bg2 Bxg2 13. Kxg2 a6 14. Bd2 b5 15. Rc1 Rc8 16. Nf4 Bxf4 17. Rxf4 Ne7 18. Qe2 Ng6 19. Rf3 Qd7 20. Rcf1 Rc6 21. a3 Re8 22. Qd3 Re7 23. Nd1 Qe6 24. Bb4 Rd7 25. Bd2 Ne4 26. Bb4 Qg4 27. Kh1 h5 28. Nc3 h4 29. Nxd5 hxg3 0-1

[Event "SVK-chT3A2 1213"]
[Site "Slovakia"]
[Date "2012.10.07"]
[Round "1.4"]
[White "Kocak, Branislav"]
[Black "Kolenak, Matus"]
[Result "1/2-1/2"]
[WhiteElo "1891"]
[BlackElo "1916"]
[PlyCount "66"]
[EventDate "2012.10.07"]
[EventType "team-tourn"]
[EventRounds "11"]
[EventCountry "SVK"]
[SourceTitle "EXT 2015"]
[Source "ChessBase"]
[SourceDate "2014.11.20"]
[SourceVersion "1"]
[SourceVersionDate "2014.11.20"]
[SourceQuality "1"]
[WhiteTeam "Gbely Nafta"]
[BlackTeam "Trnava Lokomotiva Solartec IV"]
[WhiteTeamCountry "SVK"]
[BlackTeamCountry "SVK"]

1. d4 d5 2. c4 c6 3. Nf3 Nf6 4. Nc3 e6 5. Bg5 h6 6. Bxf6 Qxf6 7. e3 g6 8. Ne5 Bg7 9. cxd5 exd5 10. g3 Nd7 11. Nxd7 Bxd7 12. Bg2 0-0 13. 0-0 Qd6 14. Rc1 Qb4 15. Na4 b6 16. a3 Qb5 17. Qc2 Rac8 18. Nc3 Qa6 19. Qd2 Rfd8 20. Rfd1 Be6 21. Ne2 g5 22. f4 c5 23. Rf1 Bg4 24. Bf3 Bxf3 25. Rxf3 cxd4 26. Rxc8 Rxc8 27. Nxd4 Qa4 28. fxg5 hxg5 29. Rf5 Qe8 30. Rxd5 g4 31. Nf5 Qe4 32. Rd8+ Rxd8 33. Qxd8+ Kh7 1/2-1/2

[Event "Zilina Region-ch"]
[Site "Zilina"]
[Date "2011.05.08"]
[Round "5"]
[White "Bucek, Eduard"]
[Black "Kolenak, Matus"]
[Result "1/2-1/2"]
[WhiteElo "2043"]
[BlackElo "1845"]
[PlyCount "44"]
[EventDate "2011.05.06"]
[EventType "swiss"]
[EventRounds "7"]
[EventCountry "SVK"]
[SourceTitle "EXT 2012"]
[Source "ChessBase"]
[SourceDate "2011.11.24"]
[SourceVersion "1"]
[SourceVersionDate "2011.11.24"]
[SourceQuality "1"]

1. d4 d5 2. c4 c6 3. Nc3 Nf6 4. Nf3 e6 5. e3 Be7 6. Bd3 0-0 7. 0-0 dxc4 8. Bxc4 b5 9. Bb3 Bb7 10. e4 Nbd7 11. e5 Nd5 12. Re1 a6 13. Nxd5 cxd5 14. Qd3 Re8 15. Bd2 Rc8 16. h4 Nf8 17. g3 Qb6 18. Rac1 Rc4 19. Bc2 a5 20. b3 Rc7 21. Ng5 Rec8 22. Bb1 b4 1/2-1/2

[Event "SVK-ch U18"]
[Site "Sliac"]
[Date "2011.04.03"]
[Round "5"]
[White "Kolenak, Matus"]
[Black "Jacko, Vladimir1111"]
[Result "1-0"]
[WhiteElo "1722"]
[BlackElo "2158"]
[PlyCount "89"]
[EventDate "2011.03.31"]
[EventType "swiss"]
[EventRounds "9"]
[EventCountry "SVK"]
[SourceTitle "CBM 141 Extra"]
[Source "ChessBase"]
[SourceDate "2011.05.03"]
[SourceVersion "1"]
[SourceVersionDate "2011.05.03"]
[SourceQuality "1"]

1. e4 c5 2. c4 g6 3. Ne2 Bg7 4. d4 cxd4 5. Nxd4 Nc6 6. Be3 d6 7. Nc3 Nh6 8. f3 f5 9. Be2 0-0 10. 0-0 Nf7 11. exf5 gxf5 12. f4 e5 13. fxe5 Nfxe5 14. Ndb5 Nf7 15. Bh5 Nce5 16. Qd5 Qe7 17. Bxf7+ Nxf7 18. Bf4 Be6 19. Bxd6 Nxd6 20. Qxd6 Qxd6 21. Nxd6 Rad8 22. Rad1 f4 23. Nce4 Bxb2 24. Nc5 Bg4 25. Ncxb7 Bxd1 26. Rxd1 Rd7 27. c5 Rb8 28. c6 Rc7 29. Nf5 Rf8 30. Nh6+ Kg7 31. Rd7+ Rxd7 32. cxd7 Bf6 33. Ng4 Bh4 34. g3 fxg3 35. hxg3 Bg5 36. Ne5 Rb8 37. Na5 Rb5 38. Nac6 Rd5 39. Kf2 Bf6 40. Kf3 a5 41. Ke4 Rd2 42. Kf5 a4 43. Ke6 a3 44. Nc4 h6 45. Nxd2 1-0

[Event "SVK-chT3A2 1011"]
[Site "Slovakia"]
[Date "2011.03.13"]
[Round "10.7"]
[White "Kolenak, Matus"]
[Black "Both, Lajos"]
[Result "1-0"]
[WhiteElo "1722"]
[BlackElo "1874"]
[PlyCount "30"]
[EventDate "2010.10.17"]
[EventType "team-tourn"]
[EventRounds "11"]
[EventCountry "SVK"]
[SourceTitle "EXT 2019"]
[Source "ChessBase"]
[SourceDate "2018.10.10"]
[SourceVersion "1"]
[SourceVersionDate "2018.10.10"]
[SourceQuality "1"]
[WhiteTeam "Trnava Lokomotiva III"]
[BlackTeam "Potonska Veza"]
[WhiteTeamCountry "SVK"]
[BlackTeamCountry "SVK"]

1. d4 d5 2. c4 dxc4 3. e3 Nf6 4. Bxc4 e6 5. Nf3 c5 6. 0-0 Be7 7. Nc3 0-0 8. Qe2 Nc6 9. Rd1 cxd4 10. exd4 Nb4 11. Ne5 a6 12. Bb3 Nbd5 13. Bc2 Qc7 14. Nxd5 Nxd5 15. Be4 Nf6 1-0